Score 0/17 Timer 06:00
0 Plays Today
Year Work % Correct
1960The Sot-Weed Factor
85.7%
1956The Floating Opera
78.6%
1972Chimera
71.4%
1966Giles Goat-Boy, or, The Revised New Syllabus
71.4%
1968Lost in the Funhouse
71.4%
1958The End of the Road
57.1%
1979LETTERS
42.9%
1987The Tidewater Tales
35.7%
1991The Last Voyage of Somebody the Sailor
35.7%
Year Work % Correct
2001Coming Soon!!!
35.7%
1982Sabbatical: A Romance
28.6%
2008The Development
28.6%
1994Once upon a Time: A Floating Opera
21.4%
1996On with the Story
21.4%
2011Every Third Thought
14.3%
2004The Book of Ten Nights and a Night
7.1%
2005Where Theree Roads Meet
7.1%
Remove Ads.
Support Sporcle.
Get the best of Sporcle when you Go Orange. This ad-free experience offers more features, more stats, and more fun while also helping to support Sporcle. Thank you for becoming a member.

You're not logged in!

Compare scores with friends on all Sporcle quizzes.
OR
Log In

Show Comments

Extras

Created Oct 21, 2013ReportNominate
Tags:fiction, john, major

Top Quizzes Today


Score Distribution

Your Account Isn't Verified!

In order to create a playlist on Sporcle, you need to verify the email address you used during registration. Go to your Sporcle Settings to finish the process.

Report this User

Report this user for behavior that violates our Community Guidelines.

Details: